000 00687nam a2200253Ia 4500
001 13546
005 20240113235452.0
007 ta
008 051111s1980 a g b000 u 465 u
040 _aCotton College,Assam
041 _a465
082 _a510.7
_bSh 11 Ma
100 _aSharma, J.N. .
245 0 _aMathematical Analysis: I Metric Spaces /
_cJ.N.Sharma.
_hTextual Documents
250 _a5th Rev.ed. /
260 _aMeerut :
_bKrishna Prakashan Mandir ,
_c1980.
300 _a261p. :
_bill ;
_c22cm .
653 _aMathematics
653 _aMathematical Analysis
653 _aG-Mathematics
942 _2ddc
_cBK
999 _c13532
_d13532